Lý luận văn học

Guardat en:
Dades bibliogràfiques
Format: Llibre
Etiquetes: Afegir etiqueta
Sense etiquetes, Sigues el primer a etiquetar aquest registre!
Thư viện lưu trữ: Mạng thư viện Đại học Đà Nẵng
LEADER 00566nam a2200193 4500
001 000004096
003 226
005 20150812140803.0
008 110714s sd
245 0 0 |a Lý luận văn học  |c Phương Lựu chủ biên 
774 |d H.  |d Đại học Sư phạm  |d 2002  |g Tập 1  |h 399 tr  |t Văn học, nhà văn, bạn đọc  |w 228 
OWN |a LSP 
999 |a From the UDN01 
TYP |a Monograph 
TYP |a Printed language 
980 |a Mạng thư viện Đại học Đà Nẵng